01726nam a22002297a 4500008004100000020001800041040000800059041001700067100006500084245006600149260004300215300004800258490001800306505011700324520079800441600008401239655001801323700003801341942000801379952009401387999001501481251024b |||||||| |||| 00| 0 eng d a9781577152194 ctbs aenghPersian aJalāl al-Dīn Rūmī, Maulanad1207-1273926332eauthor a The friendship poems of Rumic/ translated by Nader Khalili. aNew York, NY :bWellfleet Press,c2020 a128 pages :billustratons (color) ;c21 cm. aTimeless Rumi aAn Introduction to Rumi's Friendship Poetry — Fountain of Fire — Dancing the Flame — About the Translator. aFor more than eight centuries, Jalaluddin Muhammad Balkhi Rumi—commonly referred to simply as Rumi—has enchanted and enthralled readers from every faith and background with his universal themes of love, friendship, and spirituality, which he seamlessly wove into resplendent poetry. The verses perfectly express the universal importance of friendship in its many forms. A perfect gift to celebrate a special friendship, allow Rumi to exquisitely express the deeper meanings of being, and having, a friend in your life. With intricately designed and richly colored covers that mirror the beauty of the words within, the Timeless Rumi series presents themed collections of poems from the great Sufi mystic Jalaluddin Muhammad Balkhi Rumi that serve as cherished tools for self-reflection. 0aJalāl al-Dīn Rūmī, Maulana, 1207-1273xTranslations into English926334 0aPoetry923162 aKhalili, Nader926333etranslator 2lcc 00102lcc4070aTBSbTBSd2025-10-24l0oPO-EN RUMpB05688r2025-10-24t1w2025-10-24y1 c5109d5109